| 000 | 00385nam a2200157Ia 4500 | ||
|---|---|---|---|
| 008 | 230917s9999||||xx |||||||||||||| ||und|| | ||
| 040 |
_e100304 _aMAIN |
||
| 041 | _aEnglish | ||
| 082 | _a327 G577I | ||
| 100 | _aGoldstein, Joshua S | ||
| 245 | 0 | _aInternational relations | |
| 250 | _a5th ed. | ||
| 260 |
_aDelhi _bPearson Education _c2003 |
||
| 300 | _axxvii, 594 p. | ||
| 942 | _cBK | ||
| 999 |
_c117663 _d117663 |
||